000 00399nam a2200145Ia 4500
008 231129s2015||||xx |||||||||||||| ||spa||
020 _a978-958-58166-8-8
040 _bspa
082 _a910.41 V144s
100 _aValderrama Ikaro
245 0 _aSiberia en tus ojos
260 _c2015
264 _aBogotá Colombia : El Peregrino Ediciones
942 _2ddc
_cBKS
999 _c24572
_d24572